| 000 | 00575nam a2200193 a 4500 | ||
|---|---|---|---|
| 005 | 20140310183139.0 | ||
| 008 | 021111s19uu xx 00 eng d | ||
| 020 | _a9710860240 | ||
| 050 |
_aHD 58.7 _b.M386 2000 |
||
| 100 | _aMartires, Concepcion Rodil | ||
| 245 |
_aManagement of human behavior in organizations / _cConcepcion Rodil Martires. |
||
| 260 |
_aMandaluyong City : _bNational Book Store, _c2000. |
||
| 300 |
_a585 p. : _bill. ; _c22 cm. |
||
| 521 | _aBSBA | ||
| 650 | _aOrganizational behavior | ||
| 942 |
_cBK _2lcc _kLOC |
||
| 999 |
_c19347 _d19347 |
||